[Event "Mersin op 5th"]
[Site "Mersin"]
[Date "2021.11.20"]
[Round "8"]
[White "Hoseini, S Alireza"]
[Black "Elashvili, Giorgi"]
[Result "0-1"]
[WhiteElo "1873"]
[BlackElo "1845"]
[PlyCount "98"]
[EventDate "2021.11.16"]
[EventType "swiss"]
[EventRounds "9"]
[EventCountry "TUR"]
[SourceTitle "EXT 2023"]
[Source "ChessBase"]
[SourceDate "2022.10.05"]
[SourceVersion "1"]
[SourceVersionDate "2022.10.05"]
[SourceQuality "1"]

1. e4 c5 2. Nf3 Nc6 3. Bb5 Nf6 4. d3 g6 5. h3 Bg7 6. Nc3 0-0 7. Be3 d6 8. Qd2 e5 9. Bxc6 bxc6 10. 0-0 Rb8 11. Nd1 Nh5 12. g4 Qf6 13. Kg2 Nf4+ 14. Bxf4 exf4 15. g5 Qe6 16. Rh1 f6 17. Qxf4 fxg5 18. Qxg5 Rb7 19. Qg3 h6 20. Kf1 d5 21. Nd2 Rbf7 22. Ke1 c4 23. dxc4 dxe4 24. c3 c5 25. Rg1 g5 26. Ne3 Rxf2 27. Qxf2 Rxf2 28. Kxf2 Qf7+ 29. Ke2 Qh5+ 30. Ng4 Qxh3 31. Nf2 Qh5+ 32. Ke3 Be5 33. Nfxe4 Qh3+ 34. Kf2 g4 35. Raf1 Bh2 36. Rg2 Qh4+ 37. Ke2 g3 38. Nxg3 Bxg3 39. Rfg1 Bg4+ 40. Kd3 Bf5+ 41. Ke2 Qg4+ 42. Ke3 Qf4+ 43. Ke2 Bg4+ 44. Kd3 Qf5+ 45. Ne4 Qf3+ 46. Kc2 Qxe4+ 47. Kb3 Qb7+ 48. Ka3 Qa6+ 49. Kb3 Bd1+ 0-1

[Event "Asian Schools U17 12th"]
[Site "Tehran"]
[Date "2016.07.11"]
[Round "1"]
[White "Hoseini, S Alireza"]
[Black "Rastbod, Ali"]
[Result "1/2-1/2"]
[WhiteElo "1833"]
[BlackElo "2257"]
[PlyCount "49"]
[EventDate "2016.07.11"]
[EventType "swiss"]
[EventRounds "9"]
[EventCountry "IRI"]
[SourceTitle "EXT 2017"]
[Source "ChessBase"]
[SourceDate "2016.10.25"]
[SourceVersion "1"]
[SourceVersionDate "2016.10.25"]
[SourceQuality "1"]

1. d4 c5 2. d5 Nf6 3. c4 e6 4. Nc3 exd5 5. cxd5 d6 6. Nf3 g6 7. e4 Bg7 8. Bb5+ Nfd7 9. 0-0 0-0 10. Bf4 Qe7 11. Re1 a6 12. Bxd7 Nxd7 13. Qd2 b5 14. a3 Ne5 15. Nxe5 Bxe5 16. Bxe5 dxe5 17. Rad1 Qd6 18. f3 Bd7 19. Ne2 c4 20. Ng3 Kg7 21. Qe3 Rac8 22. Kh1 a5 23. Rf1 Qc5 24. Nh5+ Kh8 25. Qh6 1/2-1/2